Регионална библиотека "Любен Каравелов" - Русе

Энциклопедический словарь (Запис номер 391064)

MARC детайли
000 -Лидер
Контролно поле с фиксирана дължина nam a22 a 4500
003 - Код на организацията, давaща контролен номер
Контролно поле BLK
005 - Дата и час на последна редакция
Контролно поле 20201102093356.0
008 - Елементи от данни с фиксирана дължина
fixed length control field 201030b bu ||||| |||| 00| 0 bu d
040 ## - Източник на каталожния запис
Идентификатор на билиотеката - собственик на записа BLK
041 ## - Код за език
Код за езика на текст/звукозапис или на отделно заглавие Руски
Код за езика КДБФ Руски
080 ## - УДК
Текстов определител УДК Общи енциклопедии. Енциклопедични речници. Научни справочници. Отраслови енциклопедии и справочници се класират в съответните отдели с определител за форма
УДК код - определител по УДК 030
УДК - код + определител 030
245 ## - Сведения за заглавието
Заглавие Энциклопедический словарь
Подзаглавни данни Т. 1
Редно поле (дума) Под ред. на К. К. Арсеньев, Ф. Ф. Петрушевский
Том Т. 33
Заглавие на том Термические ощущения - Томбази
260 ## - Област на издателските данни
9 (RLIN) 215975
Място на издаване, разпространение и проч. Санкт-Петербург
Име на издателя, разпространителя и проч. Брокгауз-Ефрон
Година на издаване 1901
300 ## - Физическа характеристика
Размери/Мащаб 25 см
380 ## - Жанр
Жанр Общ отдел
490 ## - СЕРИИ (Колекции)
9 (RLIN) 435080
Име на серия Колекция Редки и ценни издания
653 #7 - Ключова дума – ненормативна
9 (RLIN) 186344
Ключова дума енциклопедии
700 ## - Други автори (авторска отговорност)
9 (RLIN) 435816
Лично име Арсеньев, К. К.
Автороска отговорност (Описва отношението между автора и произведението) под ред. на
700 ## - Други автори (авторска отговорност)
9 (RLIN) 871
Лично име Петрушевский, Ф. Ф.
Автороска отговорност (Описва отношението между автора и произведението) под ред. на
760 ## - Описание на основната серия
Част - том Т. 33
Заглавие Термические ощущения - Томбази
Страници - том 478 с. : с ил., к.
852 ## - Местоположение
Форматна сигнатура Рр 890
Фондова буква Редки и ценни
999 ## - СИСТЕМНИ КОНТРОЛНИ НОМЕРА
Koha biblionumber 391064
Koha biblioitemnumber 391064
942 ## - АРТИКУЛИ
Вид на библиотечния материал Книги
Скрит в OPAC Не
Периодичен библиозапис Да
944 ## - СЪЗДАВАНЕ И РЕДАКЦИЯ на ЗАПИСА
Създаване/Редакция Създаване
Дата на регистрацията/редакция 2020-11-02
Служител, извършил регистрацията/редакцията ВЙ
999 ## - СИСТЕМНИ КОНТРОЛНИ НОМЕРА
Koha biblioitemnumber 391064
Наличности
Код за отписване Код за изгубен артикул Източник на класификационната схема Код за повреда Коз за рестрикции Код за отдаване Артикулен № Име на библиотеката - собственик Име на библиотеката, в която се намира в момента Статус (Текущо местоположение) Дата на вписване в системата Местоположение - отдел Цена в лева Систематично азбучна сигнатура Баркод Цена в евро Служебен тип на артикула
  Не е изгубен Universal Decimal Classification Не е повреден само за читалня Специални фондове ( старопечатни, редки и ценни, фонд М. Арнаудов) 805182 Регионална библиотека "Любен Каравелов" Русе Регионална библиотека "Любен Каравелов" Русе Редки и ценни 2020-11-16 Редки и ценни 50.00 Рр 890 120000849804 25.56 Книги
Vip Innovations Ltd, Rousse, Bulgaria 2025